Scotland Squad WC2026 - Statistics

General Stats
  • This quiz has been taken 4 times
  • The average score is 19 of 26
Answer Stats
Position Club Player % Correct
Defender Liverpool Andrew Robertson
100%
Goalkeeper Nottingham Forest Angus Gunn
100%
Attack FC Torino Ché Adams
100%
Midfield Aston Villa John McGinn
100%
Attack Charlton Athletic Lyndon Dykes
100%
Midfield Bournemouth Ryan Christie
100%
Midfield Napoli Scott McTominay
100%
Defender Brentford Aaron Hickey
75%
Midfield Napoli Billy Gilmour
75%
Goalkeeper Heart of Middlothian Craig Gordon
75%
Attack Ipswich Town George Hirst
75%
Defender Hibernian Grant Hanley
75%
Defender Al Ettifaq Jack Hendry
75%
Midfield Norwich City Kenny McLean
75%
Defender Celtic Kieran Tierney
75%
Attack Heart of Middlothian Lawrence Shankland
75%
Midfield Bologna Lewis Ferguson
75%
Goalkeeper Rangers Liam Kelly
75%
Defender Everton Nathan Patterson
75%
Defender Dinamo Zagreb Scott McKenna
75%
Defender Rangers Anthony Ralston
50%
Attack Bournemouth Ben Gannon-Doak
50%
Defender Rangers John Souttar
50%
Attack Southampton Ross Stewart
50%
Attack Kilmarnock Findlay Curtis
25%
Defender AFC Wrexham Dominic Hiam
0%
No matching quizzes found
Score Distribution
Percent of People with Each Score
Percentile by Number Answered
Your Score History
You have not taken this quiz